| 000 | 00527 a2200193 4500 | ||
|---|---|---|---|
| 005 | 20240416102926.0 | ||
| 008 | 240411b |||||||| |||| 00| 0 eng d | ||
| 020 |
_a9789393525574 _cRs. 710.00 |
||
| 040 | _aMAIN | ||
| 082 |
_a005.133 _bB469E |
||
| 100 | _aBharti, Rajnish | ||
| 245 | _aEssentials of R for data analytics | ||
| 260 |
_bArihant Books _aNew Delhi _cArihant Books |
||
| 300 | _avi, 256 | ||
| 650 | _aComputer Science | ||
| 650 | _aR (Computer Programme Language) | ||
| 650 | _aData Analysis | ||
| 942 | _cBK | ||
| 999 |
_c310842 _d310842 |
||